01509nam a2200361 a 4500001001000000003000500010005001700015008004100032010001100073011001100084040000900095090001000104100003800114245018800152260004100340500006000381502008600441590004100527590003700568590003900605590003900644650002200683650003900705650003200744856001600776856007000792901000700862942001000869942000600879999001900885952011900904952012401023000109861CHAP20220329144106.0140604s2014 mx | |sm |||||||spa|d a106323 a107295 cCHAP aTesis1 aAdriano Chacón, Emanuel912716010aIdentificación de estrategias de aprendizaje en estudiantes de la preparatoria agrícola y su relación con el rendimiento académicoh[En línea]cpor Emanuel Adriano Chacón. aChapingo, Méx. :bEl autor,c2014. aPara ver el contenido del material haga clic en la liga aTesis (Maestro en Procesos Educativos) -- UACH. Maestría en Procesos Educativos aBATCH-UPDb05c20141002lUCH01h0904 aBATCHb00c20181121lUCH01h0758 aE792CSJb05c20140604lUCH01h0948 aE792CSJb05c20140604lUCH01h094814aAprendizaje9637014aEnseñanzaxMetodología.93708614aRendimiento escolar.995908 a1 n0000044 aFinding aiduhttp://10.13.5.2/tesis/sist109861.pdfzTeclea aquí aBK cTESIS n0 c106323d106323 00102local40718TESISaBCbBCd2014-06-04fTESISl0oTesisp33724002408793r2019-12-31 00:00:00w2014-06-04yCD 00102local40718TESISaBCbBCd2014-06-04fTESISl0oTesisp33724002409454r2019-12-31 00:00:00tc.2w2014-06-04yCD